| 000 | 00714nam a2200229 a 4500 | ||
|---|---|---|---|
| 001 | 57328 | ||
| 003 | BD-RjUL | ||
| 005 | 20211209080509.0 | ||
| 008 | 161208m19651964enkabo b 001 0 eng | ||
| 035 | _a(BD-RjUL)57452 | ||
| 040 |
_aDLC _cDLC _dBD-RjUL _beng |
||
| 041 | _aeng | ||
| 082 | 0 | 0 |
_a909.09821 _223 _bHUM 1965 |
| 245 | 1 | 4 |
_aThe humanistic tradition / _cSarah herndon ...[et al] |
| 260 |
_aNew York : _bMcGraw-Hill, _cc1964-1965 |
||
| 300 |
_axii, 466 p. : _bill, ; _c24 cm. |
||
| 504 | _aIncludes bibliographical references and index. | ||
| 650 | 0 |
_aCivilization, Western _xHistory _vTextbooks. _9170253 |
|
| 650 | 0 |
_aHumanism _xHistory _vTextbooks. _9170254 |
|
| 942 |
_2ddc _cBK |
||
| 999 |
_c57328 _d57328 |
||